| 000 | 00497cam a2200205ua 4500 | ||
|---|---|---|---|
| 001 | 772 | ||
| 005 | 20260515113225.0 | ||
| 008 | 110419n ii |||gr||||Z||||||eng | ||
| 020 | _a81-7339-036-3 | ||
| 040 | _cMAIN | ||
| 082 | _a320.3 | ||
| 245 | 1 |
_aTulanamulak sarkar. _cBy Purandar Gogoi. |
|
| 250 | _a1st. | ||
| 260 |
_aDibrugarh.: _bBanalata.,998. |
||
| 300 |
_a830 p.: _c25 cm. |
||
| 653 | _apolitical science. | ||
| 653 | _aTulanamulak sarkar. | ||
| 700 | 1 | _aGogoi, Purandar., | |
| 942 | _cBK | ||
| 999 |
_c698 _d698 |
||